000 01235aam a2200301 a 4500
001 12943
003 BD-RjUL
005 20211208235359.0
008 140130s2003 ii b 001 0 eng d
020 _a8173715114
035 _a(BD-RjUL)12993
040 _aDLC
_beng
_cDLC
_dBD-RjUL
041 _aeng
082 0 0 _a338.47664
_221
_bBEG 2003
100 1 _aBernauer, Thomas.
_940353
245 1 0 _aGenes, trade, and regulation :
_bthe seeds of conflict in food biotechnology /
_cby Thomas Bernauer.
260 _aHyderabad :
_bUniversity Press (India) Pvt. Ltd.,
_c2003.
300 _aviii, 229 p. ;
_c24 cm.
504 _aIncludes bibliographical references (p. [213]-224) and index.
650 0 _aFood industry and trade
_xGovernment policy
_zUnited States.
_940354
650 0 _aBiotechnology industries
_xGovernment policy
_zUnited States.
_940355
650 0 _aGenetic engineering industry
_xGovernment policy
_zUnited States.
_940356
650 0 _aAgricultural biotechnology
_xGovernment policy
_zUnited States.
_940357
650 0 _aFood industry and trade
_xTechnological innovations
_zUnited States.
_940358
650 0 _aFood
_xLabeling
_xGovernment policy
_zUnited States.
_940359
942 _2ddc
_cBK
999 _c12943
_d12943